00406 2200181 4500001002100000005001500021035002000036245003900056100001300095300001100108260003200119082000800151084001400159990001200173990001300185990001300198990001300211INLIS00000000000205820250527093123 a0010-05250003501 aHorison Majalah Sastra /cNH. Dini0 aNH. Dini a28 hlm aJakarta :bDepdiknas,c2008 a800 a800 NH. h a0713299 a07132330 a07132331 a07132332